Normal view
MARC view
- اعداد عبدالرحمن، عادل محمد محمد
Entry Personal Name
001 - CONTROL NUMBER
- control field: 51953
003 - CONTROL NUMBER IDENTIFIER
- control field: JO-AjAnu
005 - DATE AND TIME OF LATEST TRANSACTION
- control field: 20230606082538.0
008 - FIXED-LENGTH DATA ELEMENTS
- fixed length control field: 230606|| aca||aabn | a|a d
040 ## - CATALOGING SOURCE
- Original cataloging agency: JO-AjAnu
- Transcribing agency: JO-AjAnu
100 ## - HEADING--PERSONAL NAME
- Personal name: اعداد عبدالرحمن، عادل محمد محمد
670 ## - SOURCE DATA FOUND
- Source citation: Work cat.: (JO-AjAnu)26553: اعداد عبدالرحمن، عادل محمد محمد, author, أبعاد جودة الحياة الوظيفية والالتزام التنظيمي في القطاع الحكومي : دراسة تطبيقية على التأمينات الإجتماعية